00230nam a2200109Ia 4500008004100000100001900041245002200060260001200082260001100094260000600105300000900111090707b ii f a fnsan d aSingh, Pritpal aSassi Hashim Shah aPatiala bSangam c0 a168p